Management

Na minha lista:
Detalhes bibliográficos
Autor principal: Hicks, Herbert G.
Outros Autores: Gullett, C. Ray
Formato: Livro
Idioma:inglês
Publicado em: New York MacGraw-Hill Book Co. 1981
Edição:4. ed.
Colecção:MacGraw-Hill Series in Management
Assuntos:
Tags: Adicionar Tag
Sem tags, seja o primeiro a adicionar uma tag!

MARC

LEADER 00000nam a2200000 4500
001 c019388
005 20221207073820.7
020 |a 0-07-028773-2 
041 0 |a eng 
044 |a US 
245 1 0 |a Management  |c Herbert G. Hicks, C. Ray Gullett 
250 |a 4. ed. 
264 1 |a New York  |b MacGraw-Hill Book Co.  |c 1981 
300 |a 668 s. 
490 1 |a MacGraw-Hill Series in Management 
830 0 |a MacGraw-Hill Series in Management 
610 2 0 |a manažment 
610 2 0 |a organizácia 
610 2 0 |a behaviorizmus 
610 2 0 |a zdroje ľudské 
610 2 0 |a funkcie riadenia 
610 2 0 |a riadenie 
610 2 0 |a plánovanie 
610 2 0 |a motivácia 
610 2 0 |a kontrola 
100 1 |a Hicks, Herbert G. 
700 1 |a Gullett, C. Ray